四川省市辖区 - Statistics

General Stats
  • This quiz has been taken 22 times
  • The average score is 36 of 55
Answers on the Map
Answers color-coded by a green-red scale on the quiz's map according to % correct below.
 
Answer Stats
Answer % Correct
青羊区
100%
武侯区
100%
双流区
100%
锦江区
92%
金牛区
92%
成华区
92%
龙泉驿区
83%
青白江区
83%
新都区
83%
温江区
83%
郫都区
83%
自流井区
83%
贡井区
83%
东区
83%
西区
83%
涪城区
75%
叙州区
75%
广安区
75%
雨城区
75%
新津区
67%
沿滩区
67%
龙马潭区
67%
旌阳区
67%
安州区
67%
利州区
67%
市中区
67%
市中区
67%
五通桥区
67%
金口河区
67%
嘉陵区
67%
东坡区
67%
翠屏区
67%
巴州区
67%
江阳区
58%
罗江区
58%
船山区
58%
顺庆区
58%
达川区
58%
大安区
50%
仁和区
50%
游仙区
50%
朝天区
50%
安居区
50%
彭山区
50%
南溪区
50%
前锋区
50%
恩阳区
50%
雁江区
50%
纳溪区
42%
昭化区
42%
东兴区
33%
沙湾区
33%
通川区
33%
名山区
33%
高坪区
25%
No matching quizzes found
Score Distribution
Percent of People with Each Score
Percentile by Number Answered
Your Score History
You have not taken this quiz